Satyāgrahī. (Record no. 59355)
[ view plain ]
| 000 -LEADER | |
|---|---|
| fixed length control field | 00512cam a22002171 4500 |
| 001 - CONTROL NUMBER | |
| control field | sa 64005839 |
| 003 - CONTROL NUMBER IDENTIFIER | |
| control field | DLC |
| 005 - DATE AND TIME OF LATEST TRANSACTION | |
| control field | 20260227112035.0 |
| 008 - FIXED-LENGTH DATA ELEMENTS--GENERAL INFORMATION | |
| fixed length control field | 940916s1962 ii 000 0 orio |
| 010 ## - LIBRARY OF CONGRESS CONTROL NUMBER | |
| LC control number | sa 64005839 |
| 025 ## - OVERSEAS ACQUISITION NUMBER | |
| Overseas acquisition number | PL480:I-O-240 |
| 035 ## - SYSTEM CONTROL NUMBER | |
| System control number | (OCoLC)31130511 |
| 040 ## - CATALOGING SOURCE | |
| Original cataloging agency | DLC |
| Transcribing agency | CU |
| Modifying agency | CU |
| -- | DLC |
| 042 ## - AUTHENTICATION CODE | |
| Authentication code | premarc |
| 050 00 - LIBRARY OF CONGRESS CALL NUMBER | |
| Classification number | PK2579.M53 |
| Item number | S3 |
| 100 1# - MAIN ENTRY--PERSONAL NAME | |
| Personal name | Misra, Gopal Chandra, |
| Dates associated with a name | 1925- |
| 245 10 - TITLE STATEMENT | |
| Title | Satyāgrahī. |
| 260 ## - PUBLICATION, DISTRIBUTION, ETC. | |
| Date of publication, distribution, etc. | [1962] |
| 300 ## - PHYSICAL DESCRIPTION | |
| Extent | 140 p. |
| Dimensions | 18 cm. |
| 500 ## - GENERAL NOTE | |
| General note | In Oriya. |
No items available.